Pohľad na štruktúrny problém príjmov: prečo zostáva podiel miezd nízky?

Mzdová kvóta a jej determinanty v literatúre. Špecifické faktory znižujúce mzdovú kvótu v krajinách SVE. Vzťah miezd a pridanej hodnoty v období expanzie a v období makroekonomických otrasov. Ukazovatele štruktúry príjmov v rôznych fázach hospodárskeho cyklu v eurozóne a v SR. Súvislosť miery nezame...

Descripción completa

Guardado en:
Detalles Bibliográficos
Autor principal: Morvay, Karol, 1973-
Formato: Capítulo de libro
Lenguaje:eslovaco
Materias:
Etiquetas: Agregar Etiqueta
Sin Etiquetas, Sea el primero en etiquetar este registro!

MARC

LEADER 00000naa$a2200000$$$4500
001 0200665
005 20240502073407.7
041 0 |a slo 
044 |a SK 
245 1 0 |a Pohľad na štruktúrny problém príjmov: prečo zostáva podiel miezd nízky?  |c Karol Morvay 
520 |a Mzdová kvóta a jej determinanty v literatúre. Špecifické faktory znižujúce mzdovú kvótu v krajinách SVE. Vzťah miezd a pridanej hodnoty v období expanzie a v období makroekonomických otrasov. Ukazovatele štruktúry príjmov v rôznych fázach hospodárskeho cyklu v eurozóne a v SR. Súvislosť miery nezamestnanosti a mzdovej kvóty v krajinách OECD a SVE. Dôsledok: konvergencia ekonomickej úrovne výrazne predstihla konvergenciu miezd. 
610 2 0 |a mzdy 
610 2 0 |a príjmy 
610 2 0 |a kvóty 
610 2 0 |a hodnota pridaná 
610 2 0 |a konvergencia 
610 2 0 |a spotreba 
610 2 0 |a eurozóna 
610 2 0 |a SVE 
610 2 0 |a OECD 
610 2 0 |a Slovensko 
100 1 |a Morvay, Karol, 1973-